[Event "SE-2022-0-00335"]
[Site "LSS email"]
[Date "2022.06.09"]
[Round "?"]
[White "Lukin, Andrey"]
[Black "Prokopets, Vasilij"]
[Result "1-0"]
[WhiteElo "1376"]
[BlackElo "1375"]
[PlyCount "71"]
[EventDate "2021.10.09"]
[EventType "tourn (corr)"]
[EventRounds "6"]
[EventCountry "GER"]
[SourceTitle "Corr 2024"]
[Source "ChessBase"]
[SourceDate "2023.10.19"]
[SourceVersion "1"]
[SourceVersionDate "2023.10.19"]
[SourceQuality "1"]

1. e4 e5 2. Nc3 Nf6 3. Bc4 Nc6 4. d3 Bc5 5. Bg5 h6 6. Bh4 g5 7. Bg3 d6 8. a3 h5 9. h4 g4 10. Qd2 a6 11. Nge2 Bd7 12. 0-0-0 b5 13. Ba2 b4 14. axb4 Nxb4 15. Bb3 Nc6 16. Qg5 Rg8 17. Qd2 Bb4 18. f4 gxf3 19. gxf3 Nd4 20. Bf2 Nxf3 21. Qh6 Bxc3 22. Nxc3 Bg4 23. Nd5 Nxd5 24. Bxd5 Rb8 25. Ba7 Rb4 26. Bc6+ Ke7 27. c3 Rb6 28. Bxb6 cxb6 29. Bd5 b5 30. Qe3 Qc7 31. Rdf1 Qc5 32. Rxf3 Bxf3 33. Qxf3 Rg1+ 34. Rxg1 Qxg1+ 35. Kc2 Qg6 36. Qf2 1-0

[Event "SE-2022-0-00335"]
[Site "LSS email"]
[Date "2022.06.07"]
[Round "?"]
[White "Endean, Andrew"]
[Black "Lukin, Andrey"]
[Result "0-1"]
[WhiteElo "1162"]
[BlackElo "1376"]
[PlyCount "22"]
[EventDate "2021.10.09"]
[EventType "tourn (corr)"]
[EventRounds "6"]
[EventCountry "GER"]
[SourceTitle "Corr 2024"]
[Source "ChessBase"]
[SourceDate "2023.10.19"]
[SourceVersion "1"]
[SourceVersionDate "2023.10.19"]
[SourceQuality "1"]

1. d4 Nf6 2. Bg5 Ne4 3. Bf4 g5 4. Bc1 e6 5. c4 Bb4+ 6. Bd2 Qf6 7. Nf3 Nxd2 8. Nbxd2 Nc6 9. g3 Nxd4 10. Nxd4 Qxd4 11. Bg2 Qxb2 0-1

[Event "LSS No Engine Cup 222 Preliminary 0"]
[Site "LSS email"]
[Date "2021.10.23"]
[Round "?"]
[White "Bieszk, Stanislaw"]
[Black "Lukin, Andrey"]
[Result "1/2-1/2"]
[WhiteElo "1324"]
[BlackElo "1747"]
[PlyCount "105"]
[EventDate "2021.10.23"]
[EventType "tourn (corr)"]
[EventRounds "6"]
[EventCountry "GER"]
[SourceTitle "Corr 2024"]
[Source "ChessBase"]
[SourceDate "2023.10.19"]
[SourceVersion "1"]
[SourceVersionDate "2023.10.19"]
[SourceQuality "1"]

1. e4 c5 2. Nf3 d6 3. d4 cxd4 4. Nxd4 Nf6 5. Nc3 a6 6. Be3 e5 7. Nb3 Be7 8. f3 Qc7 9. Qd2 Be6 10. g4 Nc6 11. h4 h5 12. g5 Nd7 13. Nd5 Bxd5 14. exd5 Ncb8 15. c4 b6 16. Bd3 g6 17. f4 Nc5 18. Nxc5 bxc5 19. fxe5 dxe5 20. Rf1 0-0 21. Be4 Qd6 22. Rf2 Nd7 23. 0-0-0 Kg7 24. Rdf1 f5 25. gxf6+ Rxf6 26. Rxf6 Nxf6 27. Bh6+ Kh7 28. Bxg6+ Kxg6 29. Qg5+ Kf7 30. Qg7+ Ke8 31. Bg5 Ne4 32. Qg8+ Kd7 33. Qxa8 Nxg5 34. Qc6+ Qxc6 35. dxc6+ Kxc6 36. hxg5 Bxg5+ 37. Kc2 h4 38. Rh1 Kd6 39. Kd3 Ke6 40. Ke4 Kf6 41. Rh3 a5 42. Kd5 Kf5 43. Kxc5 Kg4 44. Rh1 Kf3 45. Kd5 Kg2 46. Rb1 h3 47. Kxe5 Be3 48. c5 Bxc5 49. Rd1 h2 50. Rd2+ Bf2 51. Rd1 Bg1 52. Rd2+ Kf3 53. Rxh2 1/2-1/2

[Event "LSS No Engine Cup 222 Preliminary 0"]
[Site "LSS email"]
[Date "2021.10.23"]
[Round "?"]
[White "Lukin, Andrey"]
[Black "Granara Barreto, Sebastian"]
[Result "0-1"]
[WhiteElo "1747"]
[BlackElo "2016"]
[PlyCount "54"]
[EventDate "2021.10.23"]
[EventType "tourn (corr)"]
[EventRounds "6"]
[EventCountry "GER"]
[SourceTitle "Corr 2024"]
[Source "ChessBase"]
[SourceDate "2023.10.19"]
[SourceVersion "1"]
[SourceVersionDate "2023.10.19"]
[SourceQuality "1"]

1. e4 Nf6 2. e5 Nd5 3. d4 d6 4. c4 Nb6 5. f4 dxe5 6. fxe5 Bf5 7. Nf3 e6 8. Nc3 Bb4 9. a3 Bxc3+ 10. bxc3 c5 11. Be3 Nc6 12. Bd3 Na5 13. Bg5 Qc7 14. Bxf5 exf5 15. d5 h6 16. d6 Qc6 17. Bh4 Naxc4 18. Bf2 Qe4+ 19. Qe2 Nd7 20. Qxe4 fxe4 21. Nd2 Nxd2 22. Kxd2 Nxe5 23. Bxc5 b6 24. Bd4 Nc4+ 25. Ke2 0-0 26. g4 Rad8 27. h4 Nxd6 0-1

[Event "LSS No Engine Cup 218 Preliminary 0"]
[Site "LSS email"]
[Date "2021.06.07"]
[Round "?"]
[White "Brough, Carl"]
[Black "Lukin, Andrey"]
[Result "0-1"]
[WhiteElo "955"]
[BlackElo "1787"]
[PlyCount "60"]
[EventDate "2021.06.07"]
[EventType "tourn (corr)"]
[EventRounds "6"]
[EventCountry "GER"]
[SourceTitle "Corr 2024"]
[Source "ChessBase"]
[SourceDate "2023.10.19"]
[SourceVersion "1"]
[SourceVersionDate "2023.10.19"]
[SourceQuality "1"]

1. d4 Nf6 2. c4 g6 3. Nc3 d6 4. e4 Bg7 5. Be2 0-0 6. Nf3 e5 7. Bg5 h6 8. 0-0 hxg5 9. dxe5 dxe5 10. Nxe5 Qxd1 11. Raxd1 Be6 12. b3 Nbd7 13. Nxd7 Nxd7 14. Nd5 Be5 15. Rd3 c6 16. Ne3 Nc5 17. Rdd1 Nxe4 18. Ng4 Bc7 19. h3 f5 20. Ne3 Nc3 21. Rd2 Rad8 22. Rxd8 Nxe2+ 23. Kh1 Rxd8 24. g3 f4 25. Ng4 Kg7 26. Kg2 fxg3 27. Re1 Bxg4 28. f3 Nf4+ 29. Kg1 Bb6+ 30. Kf1 g2# 0-1

[Event "LSS No Engine Cup 218 Preliminary 0"]
[Site "LSS email"]
[Date "2021.06.07"]
[Round "?"]
[White "Lukin, Andrey"]
[Black "Gomez Galan Arense, Joaquin"]
[Result "0-1"]
[WhiteElo "1787"]
[BlackElo "1380"]
[PlyCount "72"]
[EventDate "2021.06.07"]
[EventType "tourn (corr)"]
[EventRounds "6"]
[EventCountry "GER"]
[SourceTitle "Corr 2024"]
[Source "ChessBase"]
[SourceDate "2023.10.19"]
[SourceVersion "1"]
[SourceVersionDate "2023.10.19"]
[SourceQuality "1"]

1. e4 e5 2. Nf3 Nc6 3. Bc4 Bc5 4. c3 Nf6 5. d4 exd4 6. cxd4 Bb4+ 7. Bd2 Bxd2+ 8. Nbxd2 d5 9. exd5 Nxd5 10. Qb3 Na5 11. Qa4+ Nc6 12. 0-0 0-0 13. Rfe1 Nb6 14. Qc2 Nxc4 15. Qxc4 Bg4 16. Re4 Bxf3 17. Nxf3 Re8 18. Rxe8+ Qxe8 19. Re1 Qd7 20. d5 Ne7 21. Rd1 Rd8 22. d6 cxd6 23. Qd3 d5 24. Ng5 g6 25. Ne4 Qf5 26. Nc3 Qxd3 27. Rxd3 d4 28. Ne2 Nc6 29. a3 Kf8 30. g3 Ne5 31. Rd1 d3 32. Nc1 d2 33. Nb3 Nc4 34. Kf1 Rd6 35. Ke2 Rb6 36. Nxd2 Rxb2 0-1

[Event "LSS No Engine Cup 218 Preliminary 0"]
[Site "LSS email"]
[Date "2021.06.07"]
[Round "?"]
[White "Navarro, Roberto"]
[Black "Lukin, Andrey"]
[Result "1-0"]
[WhiteElo "1294"]
[BlackElo "1787"]
[PlyCount "87"]
[EventDate "2021.06.07"]
[EventType "tourn (corr)"]
[EventRounds "6"]
[EventCountry "GER"]
[SourceTitle "Corr 2024"]
[Source "ChessBase"]
[SourceDate "2023.10.19"]
[SourceVersion "1"]
[SourceVersionDate "2023.10.19"]
[SourceQuality "1"]

1. e4 c5 2. Nf3 d6 3. Nc3 Nf6 4. d4 cxd4 5. Nxd4 a6 6. h3 g6 7. Bd3 Bg7 8. 0-0 0-0 9. Be2 Nc6 10. Be3 Qc7 11. Nd5 Nxd5 12. exd5 Nxd4 13. Bxd4 Bxd4 14. Qxd4 Qxc2 15. Bf3 Qc7 16. Rac1 Qd8 17. h4 Bd7 18. h5 Rc8 19. Qe3 Bb5 20. Rxc8 Qxc8 21. Rc1 Qd7 22. b3 Qd8 23. h6 f6 24. Qe6+ Kh8 25. Re1 Bd7 26. Qxe7 Qxe7 27. Rxe7 Rd8 28. g4 Bc8 29. Kg2 Rf8 30. Kg3 Kg8 31. Rg7+ Kh8 32. b4 b5 33. Bd1 Re8 34. Rc7 Kg8 35. Rg7+ Kh8 36. Rf7 f5 37. gxf5 Bxf5 38. Bg4 Bxg4 39. Kxg4 Kg8 40. Rg7+ Kh8 41. Ra7 Kg8 42. f4 Re4 43. Kg5 Re8 44. Kf6 1-0

[Event "SD-2021-0-00319"]
[Site "LSS email"]
[Date "2021.05.13"]
[Round "?"]
[White "Grimm, Wolfgang"]
[Black "Lukin, Andrey"]
[Result "1-0"]
[WhiteElo "1364"]
[BlackElo "1412"]
[PlyCount "45"]
[EventDate "2021.01.13"]
[EventType "tourn (corr)"]
[EventRounds "6"]
[EventCountry "GER"]
[SourceTitle "Corr 2024"]
[Source "ChessBase"]
[SourceDate "2023.10.19"]
[SourceVersion "1"]
[SourceVersionDate "2023.10.19"]
[SourceQuality "1"]

1. g3 d5 2. d4 Nf6 3. Nf3 g6 4. Nc3 Bg7 5. Bf4 Nh5 6. Qd2 Nxf4 7. Qxf4 0-0 8. 0-0-0 c6 9. e4 dxe4 10. Nxe4 Qa5 11. Bc4 Nd7 12. Neg5 Nf6 13. Rde1 e6 14. Ne5 Nd5 15. Qh4 h6 16. Ne4 g5 17. Qh5 f6 18. Ng6 Rd8 19. c3 Qc7 20. h4 Qf7 21. hxg5 fxg5 22. Nxg5 Qxf2 23. Bxd5 1-0

[Event "LSS No Engine Cup 217 Preliminary 0"]
[Site "LSS email"]
[Date "2021.05.06"]
[Round "?"]
[White "Lukin, Andrey"]
[Black "Henke, Simon"]
[Result "0-1"]
[WhiteElo "1782"]
[BlackElo "2080"]
[PlyCount "104"]
[EventDate "2021.05.06"]
[EventType "tourn (corr)"]
[EventRounds "6"]
[EventCountry "GER"]
[SourceTitle "Corr 2024"]
[Source "ChessBase"]
[SourceDate "2023.10.19"]
[SourceVersion "1"]
[SourceVersionDate "2023.10.19"]
[SourceQuality "1"]

1. e4 e6 2. d4 d5 3. Nc3 h6 4. Nf3 Nf6 5. e5 Nfd7 6. Bd3 c5 7. Be3 cxd4 8. Bxd4 Nc6 9. Qe2 a6 10. 0-0 Nxd4 11. Nxd4 Qb6 12. Nb3 g5 13. Kh1 Bg7 14. f4 gxf4 15. Rxf4 Nxe5 16. Raf1 Qd6 17. Qh5 Rf8 18. Na4 b6 19. Nc3 Bb7 20. a3 0-0-0 21. Qe2 Nxd3 22. cxd3 f5 23. d4 e5 24. Rxf5 Rxf5 25. Rxf5 Qg6 26. Qd3 Kb8 27. Rf3 e4 28. Qb1 a5 29. Rf2 Ba6 30. Qd1 h5 31. Nc1 Bh6 32. N1e2 Be3 33. Rf1 h4 34. Nf4 Qc6 35. Nfe2 Qg6 36. Nf4 Qh6 37. Nfxd5 Bxf1 38. Nxe3 Qxe3 39. Qxf1 Qxd4 40. h3 e3 41. Qf3 Re8 42. a4 e2 43. Nxe2 Qxb2 44. Qf4+ Qe5 45. Qf2 Qb2 46. Qf4+ Qe5 47. Qf2 Ka7 48. Ng1 Qe4 49. Qa2 Re7 50. Qa1 Rc7 51. Nf3 Rc4 52. Nd2 Rxa4 0-1

[Event "LSS No Engine Cup 217 Preliminary 0"]
[Site "LSS email"]
[Date "2021.05.06"]
[Round "?"]
[White "Lukin, Andrey"]
[Black "Keller, Thomas"]
[Result "1-0"]
[WhiteElo "1782"]
[BlackElo "1309"]
[PlyCount "89"]
[EventDate "2021.05.06"]
[EventType "tourn (corr)"]
[EventRounds "6"]
[EventCountry "GER"]
[SourceTitle "Corr 2024"]
[Source "ChessBase"]
[SourceDate "2023.10.19"]
[SourceVersion "1"]
[SourceVersionDate "2023.10.19"]
[SourceQuality "1"]

1. e4 c5 2. Nf3 d6 3. d4 cxd4 4. Nxd4 Nf6 5. Nc3 a6 6. Bc4 b5 7. Bb3 Bb7 8. f3 e6 9. Be3 Nbd7 10. 0-0 Be7 11. a3 0-0 12. Qd2 Qc7 13. Rad1 Ne5 14. Qf2 Nfd7 15. Rd2 Nc4 16. Bxc4 bxc4 17. Rfd1 Rfd8 18. Nde2 Nc5 19. Qg3 Kh8 20. Bf4 e5 21. Be3 Bf6 22. Qf2 Qe7 23. Nd5 Bxd5 24. Rxd5 Nb7 25. Bb6 Rd7 26. Nc3 Qe6 27. Qf1 Bd8 28. Bxd8 Rdxd8 29. Qxc4 a5 30. Nb5 Rac8 31. Qd3 Nc5 32. Qe3 Nb7 33. Qd2 Rc6 34. b4 a4 35. Na7 Ra6 36. Qf2 Ra8 37. Nb5 Rc8 38. f4 exf4 39. e5 g5 40. Nxd6 Rc7 41. b5 Ra8 42. c4 Nxd6 43. exd6 Rd7 44. Qd4+ f6 45. c5 1-0

[Event "LSS No Engine Cup 217 Preliminary 0"]
[Site "LSS email"]
[Date "2021.05.06"]
[Round "?"]
[White "Raines, David"]
[Black "Lukin, Andrey"]
[Result "1/2-1/2"]
[WhiteElo "1423"]
[BlackElo "1782"]
[PlyCount "49"]
[EventDate "2021.05.06"]
[EventType "tourn (corr)"]
[EventRounds "6"]
[EventCountry "GER"]
[SourceTitle "Corr 2024"]
[Source "ChessBase"]
[SourceDate "2023.10.19"]
[SourceVersion "1"]
[SourceVersionDate "2023.10.19"]
[SourceQuality "1"]

1. d4 Nf6 2. Nf3 g6 3. Nc3 d5 4. Bg5 Bg7 5. Bxf6 Bxf6 6. e4 dxe4 7. Nxe4 Bg7 8. c3 0-0 9. Bd3 b6 10. Qe2 Bb7 11. 0-0 Nd7 12. Rad1 Qc8 13. Neg5 h6 14. Ne4 e6 15. h4 c5 16. Nd6 Bxf3 17. Qxf3 Qd8 18. h5 cxd4 19. cxd4 Qg5 20. hxg6 fxg6 21. Qe4 Qe7 22. Qxg6 Qxd6 23. Qh7+ Kf7 24. Qg6+ Kg8 25. Qh7+ 1/2-1/2

[Event "LSS No Engine Cup 216 Preliminary 0"]
[Site "LSS email"]
[Date "2021.04.11"]
[Round "?"]
[White "Lukin, Andrey"]
[Black "Schnoewitz, Brigitte"]
[Result "1-0"]
[WhiteElo "1782"]
[BlackElo "1238"]
[PlyCount "75"]
[EventDate "2021.04.11"]
[EventType "tourn (corr)"]
[EventRounds "6"]
[EventCountry "GER"]
[SourceTitle "Corr 2024"]
[Source "ChessBase"]
[SourceDate "2023.10.19"]
[SourceVersion "1"]
[SourceVersionDate "2023.10.19"]
[SourceQuality "1"]

1. e4 c5 2. Nf3 a6 3. d4 cxd4 4. Nxd4 e6 5. Nc3 d6 6. Bc4 Be7 7. f4 Nf6 8. Qf3 Nbd7 9. Be3 Qc7 10. Be2 b5 11. a3 e5 12. Nf5 Bf8 13. 0-0-0 g6 14. Ng3 Bb7 15. f5 Bg7 16. Kb1 Nc5 17. Bxb5+ axb5 18. Nxb5 Qc6 19. Nxd6+ Ke7 20. Bxc5 Qxc5 21. Nxb7 Qb6 22. Qb3 Qxb3 23. cxb3 Rhc8 24. Nd6 Rc6 25. Nc4 Ng4 26. Rd5 f6 27. h3 Nh6 28. Rhd1 Rc7 29. fxg6 hxg6 30. Nf1 Nf7 31. R1d3 Ng5 32. Nfd2 Ne6 33. g3 g5 34. Rc3 Ra6 35. b4 Nd4 36. b5 Ra8 37. Nb6 Raa7 38. Nc8+ 1-0

[Event "LSS No Engine Cup 215 Preliminary 0"]
[Site "LSS email"]
[Date "2021.03.13"]
[Round "?"]
[White "Wilshusen, Horst"]
[Black "Lukin, Andrey"]
[Result "0-1"]
[WhiteElo "1495"]
[BlackElo "1788"]
[PlyCount "56"]
[EventDate "2021.03.13"]
[EventType "tourn (corr)"]
[EventRounds "6"]
[EventCountry "GER"]
[SourceTitle "Corr 2024"]
[Source "ChessBase"]
[SourceDate "2023.10.19"]
[SourceVersion "1"]
[SourceVersionDate "2023.10.19"]
[SourceQuality "1"]

1. e4 c5 2. Nc3 d6 3. g3 Nf6 4. Bg2 g6 5. d3 Bg7 6. f4 Nc6 7. Nf3 0-0 8. Bd2 a6 9. a4 Qc7 10. Qc1 e6 11. Ne2 Rb8 12. h3 b5 13. axb5 axb5 14. g4 Bb7 15. Ng3 Ra8 16. 0-0 Rxa1 17. Qxa1 Ra8 18. Qd1 b4 19. c3 Qa5 20. d4 d5 21. Re1 dxe4 22. Nxe4 Nxe4 23. Rxe4 cxd4 24. cxd4 Qa1 25. Re1 Qxb2 26. Bc1 Qa2 27. d5 exd5 28. Qxd5 Qxd5 0-1

[Event "LSS No Engine Cup 208 Preliminary 0"]
[Site "LSS email"]
[Date "2020.10.01"]
[Round "?"]
[White "Lukin, Andrey"]
[Black "Mostowik, Daniel"]
[Result "0-1"]
[WhiteElo "1818"]
[BlackElo "1600"]
[PlyCount "108"]
[EventDate "2020.10.01"]
[EventType "tourn (corr)"]
[EventRounds "6"]
[EventCountry "GER"]
[SourceTitle "Corr 2022"]
[Source "ChessBase"]
[SourceDate "2021.10.24"]
[SourceVersion "1"]
[SourceVersionDate "2021.10.24"]
[SourceQuality "1"]

1. e4 c5 2. Nf3 Nc6 3. d4 cxd4 4. Nxd4 g6 5. Nc3 Bg7 6. Be3 Nf6 7. f3 0-0 8. Qd2 d5 9. Bb5 Nxd4 10. Bxd4 dxe4 11. 0-0-0 exf3 12. gxf3 Qd6 13. Qg5 a6 14. Bc4 Bf5 15. Qe3 Qc6 16. Bd3 Bxd3 17. Rxd3 Rad8 18. Rhd1 Rd7 19. Bc5 Rc8 20. Ba7 Rcd8 21. Rxd7 Rxd7 22. Rxd7 Qxd7 23. Bb8 h5 24. Be5 Ne8 25. Bxg7 Kxg7 26. b3 Nf6 27. Qe5 Qh3 28. Qf4 e5 29. Qxe5 Qxf3 30. Kb2 h4 31. a4 Qg2 32. a5 h3 33. Na4 Qe4 34. Qc3 Qe6 35. Qd4 Qf5 36. Nc5 g5 37. Nxb7 Qe4 38. Qc5 Nd5 39. Nd6 Qe5+ 40. Kc1 g4 41. Qc4 f5 42. Qxa6 Qe6 43. Qb7+ Kg6 44. Qb8 f4 45. Ne4 Qxe4 46. a6 f3 47. Qg8+ Kf5 48. Qh7+ Ke5 49. Qg7+ Nf6 50. Qe7+ Kf5 51. Qxe4+ Nxe4 52. a7 f2 53. a8Q f1Q+ 54. Kb2 Qe1 0-1

[Event "LSS No Engine Cup 208 Preliminary 0"]
[Site "LSS email"]
[Date "2020.10.01"]
[Round "?"]
[White "Verich, Oleg"]
[Black "Lukin, Andrey"]
[Result "0-1"]
[WhiteElo "1361"]
[BlackElo "1818"]
[PlyCount "84"]
[EventDate "2020.10.01"]
[EventType "tourn (corr)"]
[EventRounds "6"]
[EventCountry "GER"]
[SourceTitle "Corr 2022"]
[Source "ChessBase"]
[SourceDate "2021.10.24"]
[SourceVersion "1"]
[SourceVersionDate "2021.10.24"]
[SourceQuality "1"]

1. e4 c5 2. Nf3 d6 3. Bb5+ Bd7 4. Qe2 a6 5. Bxd7+ Nxd7 6. 0-0 Ngf6 7. c3 g6 8. d4 cxd4 9. cxd4 Bg7 10. Nc3 0-0 11. Rd1 Qc7 12. Be3 Ng4 13. h3 Nxe3 14. Qxe3 Rac8 15. Rac1 Qa5 16. a3 e6 17. Ne2 b5 18. b4 Qb6 19. Rxc8 Rxc8 20. Qd2 Qb7 21. Qd3 Nb6 22. e5 d5 23. Qb3 Nc4 24. Ne1 Qb6 25. Nd3 Ra8 26. a4 a5 27. bxa5 Rxa5 28. axb5 Bf8 29. Ndf4 Rxb5 30. Qg3 Rb2 31. h4 Rb1 32. Rxb1 Qxb1+ 33. Kh2 Qe1 34. Ng1 Nd2 35. Kh1 Ne4 36. Qf3 Nxf2+ 37. Kh2 Bh6 38. g3 Qd2 39. Qe2 Bxf4 40. Kg2 Nd3 41. Kf3 Ne1+ 42. Kf2 Qxd4+ 0-1

[Event "LSS No Engine Cup 206 Preliminary 0"]
[Site "LSS email"]
[Date "2020.08.24"]
[Round "?"]
[White "Lukin, Andrey"]
[Black "Henke, Simon"]
[Result "0-1"]
[WhiteElo "1823"]
[BlackElo "2032"]
[PlyCount "56"]
[EventDate "2020.08.24"]
[EventType "tourn (corr)"]
[EventRounds "6"]
[EventCountry "GER"]
[SourceTitle "Corr 2022"]
[Source "ChessBase"]
[SourceDate "2021.10.24"]
[SourceVersion "1"]
[SourceVersionDate "2021.10.24"]
[SourceQuality "1"]

1. e4 g6 2. d4 Bg7 3. Bc4 d6 4. Be3 c6 5. Nc3 Nf6 6. f3 b5 7. Bd3 Nbd7 8. Qd2 e5 9. Nge2 0-0 10. g4 exd4 11. Nxd4 Ne5 12. Be2 b4 13. Na4 c5 14. Nb5 Qa5 15. Qxd6 Nxe4 16. fxe4 Bxg4 17. Nc7 Bxe2 18. Kxe2 Rad8 19. Qxc5 Qxa4 20. Rhg1 b3 21. axb3 Qxe4 22. Rg3 Rd7 23. Ra4 Qh1 24. Rd4 Rfd8 25. Nb5 Qxh2+ 26. Bf2 a6 27. Rxd7 Nxd7 28. Qd5 axb5 0-1

[Event "LSS No Engine Cup 206 Preliminary 0"]
[Site "LSS email"]
[Date "2020.08.24"]
[Round "?"]
[White "Neumann, Otto"]
[Black "Lukin, Andrey"]
[Result "0-1"]
[WhiteElo "1183"]
[BlackElo "1823"]
[PlyCount "64"]
[EventDate "2020.08.24"]
[EventType "tourn (corr)"]
[EventRounds "6"]
[EventCountry "GER"]
[SourceTitle "Corr 2022"]
[Source "ChessBase"]
[SourceDate "2021.10.24"]
[SourceVersion "1"]
[SourceVersionDate "2021.10.24"]
[SourceQuality "1"]

1. d4 d5 2. Bf4 Bf5 3. e3 e6 4. Bb5+ c6 5. Bd3 Bxd3 6. Qxd3 Bd6 7. Bg3 Nf6 8. Ne2 Ne4 9. Nbc3 Nxg3 10. hxg3 h6 11. a3 Nd7 12. 0-0-0 c5 13. Nf4 c4 14. Qe2 a6 15. Qg4 Bf8 16. Nxe6 fxe6 17. Qxe6+ Qe7 18. Qxd5 Nb6 19. Qh5+ Qf7 20. Qa5 Qg6 21. Rh5 0-0-0 22. Qf5+ Qxf5 23. Rxf5 Be7 24. e4 Rhf8 25. Rxf8 Rxf8 26. f3 Rf6 27. g4 Kd7 28. Rh1 Rd6 29. d5 Bg5+ 30. Kb1 Bf6 31. Ne2 Na4 32. c3 Rb6 0-1

[Event "SE-2020-0-00316"]
[Site "LSS email"]
[Date "2020.08.12"]
[Round "?"]
[White "Lukin, Andrey"]
[Black "Wilshusen, Horst"]
[Result "1-0"]
[WhiteElo "1353"]
[BlackElo "1218"]
[PlyCount "77"]
[EventDate "2020.04.14"]
[EventType "tourn (corr)"]
[EventRounds "6"]
[EventCountry "GER"]
[SourceTitle "Corr 2024"]
[Source "ChessBase"]
[SourceDate "2023.10.19"]
[SourceVersion "1"]
[SourceVersionDate "2023.10.19"]
[SourceQuality "1"]

1. e4 e5 2. Nf3 Nc6 3. Bb5 a6 4. Ba4 Nf6 5. 0-0 Be7 6. Re1 b5 7. Bb3 d6 8. c3 0-0 9. h3 Nb8 10. d4 Nbd7 11. Be3 c5 12. Bc2 Re8 13. a4 Bb7 14. d5 Nb6 15. axb5 axb5 16. Na3 b4 17. cxb4 cxb4 18. Bxb6 Qxb6 19. Nc4 Qc7 20. Qd3 Reb8 21. b3 Nd7 22. Qe3 Nc5 23. Nfd2 h6 24. f4 exf4 25. Qxf4 Bc8 26. Rf1 Bg5 27. Qf2 Ba6 28. Rfd1 Bb5 29. Qd4 Bf6 30. e5 dxe5 31. d6 Qc8 32. Nxe5 Nd7 33. Qe4 Nf8 34. Rxa8 Rxa8 35. Ndc4 Ra7 36. Kh2 g6 37. Qf4 Kg7 38. Ng4 Qe6 39. Re1 1-0

[Event "SE-2020-0-00316"]
[Site "LSS email"]
[Date "2020.08.11"]
[Round "?"]
[White "Lukin, Andrey"]
[Black "Stadler, Pavel"]
[Result "1-0"]
[WhiteElo "1353"]
[BlackElo "1237"]
[PlyCount "85"]
[EventDate "2020.04.14"]
[EventType "tourn (corr)"]
[EventRounds "6"]
[EventCountry "GER"]
[SourceTitle "Corr 2024"]
[Source "ChessBase"]
[SourceDate "2023.10.19"]
[SourceVersion "1"]
[SourceVersionDate "2023.10.19"]
[SourceQuality "1"]

1. e4 e5 2. Nf3 Nc6 3. Bb5 a6 4. Ba4 Nf6 5. 0-0 Nxe4 6. Re1 Nc5 7. Bxc6 dxc6 8. Nxe5 Be7 9. d4 Ne6 10. c3 0-0 11. Qf3 c5 12. d5 Ng5 13. Qg3 f6 14. Bxg5 fxg5 15. c4 Bf6 16. Nc3 Bf5 17. Ne4 Bxe4 18. Rxe4 c6 19. dxc6 bxc6 20. Rae1 Qd2 21. R4e2 Qd6 22. b3 Rfe8 23. Nd3 Qxg3 24. Rxe8+ Rxe8 25. Rxe8+ Kf7 26. hxg3 Kxe8 27. Nxc5 a5 28. Nb7 Bc3 29. Nd6+ Kd7 30. Ne4 Bf6 31. Kf1 Ke6 32. Ke2 h6 33. Nxf6 gxf6 34. g4 f5 35. Kf3 fxg4+ 36. Kxg4 Kf6 37. c5 Kg6 38. f4 gxf4 39. Kxf4 Kf6 40. g3 Ke6 41. Kg4 Kf6 42. Kh5 Kf5 43. Kxh6 1-0